APRENDE INGLES MI PRIMERA GRAMATICA VOL4 (Registro nro. 2052)

Detalles MARC
000 -LEADER
fixed length control field 01848nam a22002057a 4500
003 - CONTROL NUMBER IDENTIFIER
control field OSt
005 - DATE AND TIME OF LATEST TRANSACTION
control field 20260408093506.0
008 - FIXED-LENGTH DATA ELEMENTS--GENERAL INFORMATION
fixed length control field 260408b |||||||| |||| 00| 0 ESP d
082 ## - DEWEY DECIMAL CLASSIFICATION NUMBER
Edition number 9583200646
100 ## - MAIN ENTRY--PERSONAL NAME
Personal name JUAN ANTONIO OLLERO
245 ## - TITLE STATEMENT
Title APRENDE INGLES MI PRIMERA GRAMATICA VOL4
250 ## - EDITION STATEMENT
Edition statement 1RA EDICION VOL4
260 ## - PUBLICATION, DISTRIBUTION, ETC.
Place of publication, distribution, etc. Barcelona (España) o Bogotá (Colombia)
Name of publisher, distributor, etc. GRUPO EDITORIAL OCEANO
Date of publication, distribution, etc. 1986 y 1987
300 ## - PHYSICAL DESCRIPTION
Extent 320 PAG
Dimensions 18 x 25 cm
490 ## - SERIES STATEMENT
Materials specified tapa dura (cartoné)
520 ## - SUMMARY, ETC.
Summary, etc. Ejercicios de Consolidación: Incluye una amplia batería de actividades prácticas que combinan gramática y léxico. A diferencia de los ejercicios cortos de los otros libros, aquí son más extensos y desafiantes. Técnicas de Estudio: Ofrece consejos y métodos específicos para memorizar verbos irregulares, mejorar la comprensión auditiva y organizar sesiones de repaso efectivas. Solucionario (Claves): Contiene las respuestas a todos los ejercicios propuestos a lo largo de la colección, permitiendo al alumno corregirse a sí mismo sin necesidad de un profesor. Guía Fonética Detallada: Profundiza en los símbolos fonéticos para ayudar a perfeccionar la pronunciación de sonidos que no existen en español
650 ## - SUBJECT ADDED ENTRY--TOPICAL TERM
Topical term or geographic name entry element Símbolos fonéticos: Guía detallada para leer la pronunciación en diccionarios.Entonación y acento: Reglas para dar énfasis a las frases y sonar más natural.Sonidos conflictivos: Prácticas específicas para letras que no existen en español
General subdivision Verbos Irregulares: Listas completas y métodos para memorizarlos.Voz Pasiva: Introducción básica a cómo cambiar el enfoque de la oración.Condicionales: Estructuras para hablar de posibilidades (If I go...).Phrasal Verbs: Introducción a los verbos compuestos más comunes en el habla cotidiana.
700 ## - ADDED ENTRY--PERSONAL NAME
Personal name JUAN ANTONIO OLLERO
942 ## - ADDED ENTRY ELEMENTS (KOHA)
Source of classification or shelving scheme Dewey Decimal Classification
Koha item type Acceso Libre
Suppress in OPAC No
Existencias
Withdrawn status Lost status Source of classification or shelving scheme Damaged status Not for loan Collection Home library Current library Shelving location Date acquired Source of acquisition Coded location qualifier Inventory number Total checkouts Full call number Barcode Date last seen Copy number Price effective from Koha item type
    Dewey Decimal Classification     Estantería E Fila 3 Biblioteca Stanford Biblioteca Stanford Biblioteca Abierta 08.04.2026 IDIOMAS 0476 0476   INGLES IDIOMA0476 08.04.2026 1 08.04.2026 Acceso Libre
Bienvenido a nuestra Biblioteca